<?xml version="1.0" encoding="UTF-8"?><?xml-stylesheet type="text/xsl" href="static/style.xsl"?><OAI-PMH xmlns="http://www.openarchives.org/OAI/2.0/" xmlns:xsi="http://www.w3.org/2001/XMLSchema-instance" xsi:schemaLocation="http://www.openarchives.org/OAI/2.0/ http://www.openarchives.org/OAI/2.0/OAI-PMH.xsd"><responseDate>2026-04-28T19:03:26Z</responseDate><request verb="GetRecord" identifier="oai:uvadoc.uva.es:10324/752" metadataPrefix="marc">https://uvadoc.uva.es/oai/request</request><GetRecord><record><header><identifier>oai:uvadoc.uva.es:10324/752</identifier><datestamp>2025-06-12T19:01:49Z</datestamp><setSpec>com_10324_150</setSpec><setSpec>col_10324_696</setSpec></header><metadata><record xmlns="http://www.loc.gov/MARC21/slim" xmlns:doc="http://www.lyncode.com/xoai" xmlns:xsi="http://www.w3.org/2001/XMLSchema-instance" xmlns:dcterms="http://purl.org/dc/terms/" xsi:schemaLocation="http://www.loc.gov/MARC21/slim http://www.loc.gov/standards/marcxml/schema/MARC21slim.xsd">
<leader>00925njm 22002777a 4500</leader>
<datafield tag="042" ind1=" " ind2=" ">
<subfield code="a">dc</subfield>
</datafield>
<datafield tag="720" ind1=" " ind2=" ">
<subfield code="a">Le Moyne de Morgues, Jacques</subfield>
<subfield code="e">author</subfield>
</datafield>
<datafield tag="260" ind1=" " ind2=" ">
<subfield code="c">1591</subfield>
</datafield>
<datafield tag="024" ind2=" " ind1="8">
<subfield code="a">Palau, 134857</subfield>
</datafield>
<datafield tag="024" ind2=" " ind1="8">
<subfield code="a">Adams, 2986</subfield>
</datafield>
<datafield tag="024" ind2=" " ind1="8">
<subfield code="a">NUC, NB 0901235</subfield>
</datafield>
<datafield tag="024" ind2=" " ind1="8">
<subfield code="a">http://uvadoc.uva.es/handle/10324/752</subfield>
</datafield>
<datafield tag="024" ind2=" " ind1="8">
<subfield code="a">b1248767</subfield>
</datafield>
<datafield tag="024" ind2=" " ind1="8">
<subfield code="a">U/Bc 01506 (2)</subfield>
</datafield>
<datafield ind1=" " ind2=" " tag="653">
<subfield code="a">Indios - América del Norte - Estados Unidos</subfield>
</datafield>
<datafield ind1=" " ind2=" " tag="653">
<subfield code="a">Florida - Historia - 1562-1565 (Colonia  Hugonote)</subfield>
</datafield>
<datafield ind1=" " ind2=" " tag="653">
<subfield code="a">Florida - Descubrimiento y exploración</subfield>
</datafield>
<datafield tag="245" ind1="0" ind2="0">
<subfield code="a">Brevis narratio eorum quae in Florida Americae Provincia Gallis acciderunt, secunda in illam Nauigatione, duce Renato de Laudonniere classis praefecto anno MDLXIIII :  quae est secunda pars Americae: additae figurae et incolarum eicones ibidem ad vivum expressae brevis item declaratio religionis, rituum, vivendique ratione ipsorum / auctore Iacobe le Moyne,  cui cognomen de Morgues, Laudonnierum, in ea navigatione sequuto ; Nunc primùm         Gallico sermone à Theodoro de Bry Leodiense in lucem edita ; Latio verò donata a C.C.A.</subfield>
</datafield>
</record></metadata></record></GetRecord></OAI-PMH>